[Event "Bled op"]
[Site "Bled"]
[Date "1996.??.??"]
[Round "9"]
[White "Sveshnikov, Evgeny"]
[Black "Beliavsky, Alexander G"]
[Result "1/2-1/2"]
[WhiteElo "2565"]
[BlackElo "2615"]
[PlyCount "27"]
[EventDate "1996.03.??"]
[Source "ChessBase"]

1. e4 e5 2. Nf3 Nc6 3. Bc4 Nf6 4. d4 exd4 5. O-O Nxe4 6. Re1 d5 7. Bxd5 Qxd5 8. Nc3 Qa5 9. Nxe4 Be6 10. Bd2 Qd5 11. Bg5 Bd6 12. Bf6 O-O 13. Nxd4 Nxd4 14. Qxd4 1/2-1/2

[Event "Zadar op"]
[Site "Zadar"]
[Date "1998.??.??"]
[Round "6"]
[White "Zelcic, Robert"]
[Black "Palac, Mladen"]
[Result "1/2-1/2"]
[WhiteElo "2540"]
[BlackElo "2545"]
[PlyCount "20"]
[EventDate "1998.??.??"]
[Source "www.chesslib.no"]
[SourceDate "2004.05.04"]

1. Nf3 Nc6 2. e4 e5 3. Bc4 Nf6 4. d4 exd4 5. O-O Nxe4 6. Re1 d5 7. Bxd5 Qxd5 8. Nc3 Qa5 9. Nxe4 Be6 10. Bd2 Qb5 1/2-1/2

[Event "Corr"]
[Site "?"]
[Date "2000.09.30"]
[Round "?"]
[White "Aldrete Lobo Jorge"]
[Black "Martin Clemente Joel"]
[Result "1/2-1/2"]
[WhiteElo "2515"]
[BlackElo "2569"]
[PlyCount "107"]
[EventDate "2000.??.??"]
[Source "www.chesslib.no"]
[SourceDate "2004.05.04"]

1. e4 e5 2. Nf3 Nc6 3. d4 exd4 4. Bc4 Nf6 5. O-O Nxe4 6. Re1 d5 7. Bxd5 Qxd5 8. Nc3 Qh5 9. Nxe4 Be6 10. Bg5 Bd6 11. Bf6 Bxh2+ 12. Nxh2 Qxd1 13. Raxd1 gxf6 14. Nxf6+ Kf8 15. a3 h5 16. b4 a6 17. Ne4 Rh6 18. Ng3 Rd8 19. Rd2 h4 20. Ne2 Bc4 21. Nf3 Re6 22. Nf4 Rxe1+ 23. Nxe1 Ne5 24. Kh2 b6 25. Kh3 Ke7 26. Kxh4 c5 27. Ned3 Kd6 28. Nb2 Bd5 29. Kg3 Rg8+ 30. Kh3 Ng6 31. Nxg6 Rxg6 32. f3 Rh6+ 33. Kg4 Rh1 34. Nd1 Kc6 35. Kf4 Kb5 36. Ke5 Kc4 37. bxc5 bxc5 38. Kd6 Rh6+ 39. Kd7 Re6 40. Kc7 a5 41. Rf2 Kb5 42. Rd2 Bc4 43. Nf2 Rc6+ 44. Kd7 Be6+ 45. Ke7 Ka4 46. Nd3 Kxa3 47. g4 Ka4 48. Rd1 Bd5 49. f4 Kb5 50. Rb1+ Kc4 51. Ne5+ Kc3 52. Rb5 Rc8 53. Kd6 Be4 54. Kd7 1/2-1/2

[Event "EU-ch 2nd"]
[Site "Ohrid"]
[Date "2001.06.05"]
[Round "5"]
[White "Ekstroem, Roland"]
[Black "Kuzmin, Gennadi P"]
[Result "1/2-1/2"]
[WhiteElo "2492"]
[BlackElo "2569"]
[PlyCount "32"]
[EventDate "2001.06.01"]
[Source "ChessBase"]
[SourceDate "2001.09.13"]

1. e4 e5 2. Nf3 Nc6 3. Bc4 Nf6 4. d4 exd4 5. O-O Nxe4 6. Re1 d5 7. Bxd5 Qxd5 8. Nc3 Qh5 9. Nxe4 Be7 10. Bg5 Bg4 11. Bxe7 Nxe7 12. Qxd4 Bxf3 13. gxf3 O-O 14. Ng3 Nf5 15. Qf4 Nxg3 16. hxg3 Qc5 1/2-1/2

[Event "Elista ol (Men)"]
[Site "Elista"]
[Date "1998.10.05"]
[Round "7"]
[White "Ekstroem, Roland"]
[Black "Yemelin, Vasily"]
[Result "1/2-1/2"]
[WhiteElo "2510"]
[BlackElo "2510"]
[PlyCount "37"]
[EventDate "1998.09.29"]
[Source "ChessBase"]
[SourceDate "1998.11.06"]

1. e4 Nc6 2. Nf3 e5 3. Bc4 Nf6 4. d4 exd4 5. O-O Nxe4 6. Re1 d5 7. Bxd5 Qxd5 8. Nc3 Qh5 9. Nxe4 Be6 10. Bg5 Bd6 11. Nxd6+ cxd6 12. Bf4 O-O 13. Nxd4 Qxd1 14. Rb1 Qc1 15. Rbxc1 Nxd4 16. Rcd1 Rfe8 17. Rxd4 Rec8 18. c3 Bxa2 19. Rxd6 1/2-1/2

[Event "St Petersburg op"]
[Site "St Petersburg"]
[Date "1994.??.??"]
[Round "6"]
[White "Sveshnikov, Evgeny"]
[Black "Bezgodov, Alexei"]
[Result "1/2-1/2"]
[WhiteElo "2585"]
[BlackElo "2425"]
[PlyCount "71"]
[EventDate "1994.02.??"]
[Source "ChessBase"]

1. e4 e5 2. Nf3 Nc6 3. Bc4 Nf6 4. d4 exd4 5. O-O Nxe4 6. Re1 d5 7. Bxd5 Qxd5 8. Nc3 Qh5 9. Nxe4 Be6 10. Bg5 Bd6 11. c4 O-O 12. c5 Be5 13. Nxe5 Qxd1 14. Raxd1 Nxe5 15. Rxd4 f6 16. Bf4 Bxa2 17. Nc3 Bf7 18. Bxe5 fxe5 19. Rxe5 Rae8 20. f4 Rxe5 21. fxe5 Be6 22. Nb5 Rf5 23. Re4 Rf7 24. Nxa7 c6 25. b4 Rf8 26. b5 cxb5 27. Nxb5 Rc8 28. Nd4 Kf7 29. Nxe6 Kxe6 30. Rb4 Rc7 31. Rb5 Kd5 32. Kf2 Kc6 33. Rb3 Re7 34. Kf3 Rxe5 35. Rb6+ Kc7 36. Rb5 1/2-1/2

[Event "Amsterdam"]
[Site "Amsterdam"]
[Date "1982.??.??"]
[Round "5"]
[White "Van Wijgerden, Cornelis"]
[Black "Jussupow, Artur"]
[Result "1-0"]
[WhiteElo "2425"]
[BlackElo "2555"]
[PlyCount "83"]
[EventDate "1982.07.??"]
[Source "ChessBase"]

1. e4 e5 2. Nf3 Nc6 3. d4 exd4 4. Bc4 Nf6 5. O-O Nxe4 6. Re1 d5 7. Nc3 dxc4 8. Rxe4+ Be6 9. Nxd4 Nxd4 10. Rxd4 Qc8 11. Bg5 Bc5 12. Rd8+ Qxd8 13. Bxd8 Rxd8 14. Qh5 Bb6 15. Rd1 O-O 16. Qh4 Rxd1+ 17. Nxd1 h6 18. Ne3 Re8 19. h3 c6 20. Nxc4 Bxc4 21. Qxc4 Re1+ 22. Kh2 Bxf2 23. g3 Bb6 24. a4 g6 25. Qg4 Re6 26. Kg2 h5 27. Qd1 Rf6 28. h4 Rf5 29. Kh3 Rf2 30. Qd3 Ba5 31. b4 Bxb4 32. Qd4 Be1 33. Qe3 Rf1 34. Qe2 Rg1 35. Kh2 Rxg3 36. Qxe1 Rg4 37. a5 Rc4 38. Kg3 Rxc2 39. Qe8+ Kg7 40. Qe5+ Kh7 41. Qc7 Rc3+ 42. Kf2 1-0

[Event "Corr"]
[Site "?"]
[Date "2002.06.15"]
[Round "?"]
[White "Salvatore Carmine (ITA)"]
[Black "Muzyka Nikolai Avraamovich"]
[Result "1/2-1/2"]
[WhiteElo "2437"]
[BlackElo "2533"]
[PlyCount "39"]
[EventDate "2002.??.??"]
[Source "www.chesslib.no"]
[SourceDate "2004.05.04"]

1. e4 e5 2. Nf3 Nc6 3. d4 exd4 4. Bc4 Nf6 5. O-O Nxe4 6. Re1 d5 7. Bxd5 Qxd5 8. Nc3 Qh5 9. Nxe4 Be6 10. Bg5 Bd6 11. Nxd6+ cxd6 12. Bf4 Qd5 13. c3 Rc8 14. c4 Qc5 15. Ng5 O-O 16. Ne4 Qf5 17. Bg3 Qg6 18. Nxd6 Rc7 19. Qd2 Rd7 20. b4 1/2-1/2

[Event "Budapest Nuovo"]
[Site "Budapest HUN"]
[Date "1992.??.??"]
[Round "1"]
[White "Horvath, Jozsef"]
[Black "Horvath, Csaba"]
[Result "1/2-1/2"]
[WhiteElo "2480"]
[BlackElo "2485"]
[PlyCount "34"]
[EventDate "1992.01.??"]
[Source "www.chesslib.no"]
[SourceDate "2004.05.04"]

1. e4 e5 2. Nf3 Nc6 3. Bc4 Nf6 4. d4 exd4 5. O-O Nxe4 6. Re1 d5 7. Bxd5 Qxd5 8. Nc3 Qh5 9. Nxe4 Be6 10. Neg5 O-O-O 11. Nxe6 fxe6 12. Rxe6 Bc5 13. Bg5 Rde8 14. Qe2 Qf7 15. Re4 h6 16. Bd2 Rxe4 17. Qxe4 Re8 1/2-1/2

[Event "RUS-Cup"]
[Site "Krasnodar"]
[Date "1998.??.??"]
[Round "9"]
[White "Skatchkov, Pavel"]
[Black "Yandemirov, Valeri"]
[Result "1/2-1/2"]
[WhiteElo "2415"]
[BlackElo "2545"]
[PlyCount "30"]
[EventDate "1998.??.??"]
[Source "www.chesslib.no"]
[SourceDate "2004.05.04"]

1. e4 e5 2. d4 exd4 3. Bc4 Nf6 4. Nf3 Nc6 5. O-O Nxe4 6. Re1 d5 7. Bxd5 Qxd5 8. Nc3 Qa5 9. Nxe4 Be6 10. Bd2 Qa4 11. b3 Qa3 12. Bc1 Qa5 13. Bd2 Qa3 14. Bc1 Qa5 15. Bg5 Qa3 1/2-1/2

[Event "Eupen CERA op"]
[Site "?"]
[Date "1997.??.??"]
[Round "4"]
[White "Berend Fred"]
[Black "Christiansen Larry Mark"]
[Result "1/2-1/2"]
[WhiteElo "2400"]
[BlackElo "2560"]
[PlyCount "69"]
[EventDate "1997.??.??"]
[Source "www.chesslib.no"]
[SourceDate "2004.05.04"]

1. e4 e5 2. Nf3 Nc6 3. d4 exd4 4. Bc4 Nf6 5. O-O Nxe4 6. Re1 d5 7. Bxd5 Qxd5 8. Nc3 Qa5 9. Nxe4 Be6 10. Neg5 O-O-O 11. Nxe6 fxe6 12. Rxe6 Bd6 13. Bg5 Rde8 14. Qe2 Kd7 15. Rxe8 Rxe8 16. Qd3 g6 17. h4 Re6 18. a3 b6 19. g3 Ne5 20. Nxe5+ Qxe5 21. Rd1 c5 22. Qa6 Qe2 23. Qxa7+ Bc7 24. Rc1 Re4 25. Qa4+ b5 26. Qa8 Re5 27. Qg8 Rf5 28. Rf1 Bxg3 29. Qd8+ Kc6 30. Qa8+ Kc7 31. Kg2 Bd6 32. Qd8+ Kc6 33. Qa8+ Kc7 34. Qd8+ Kc6 35. Qa8+ 1/2-1/2

[Event "Kiev"]
[Site "Kiev"]
[Date "1997.??.??"]
[Round "1"]
[White "Golubev, Mihail"]
[Black "Krivoshey, Sergei"]
[Result "1/2-1/2"]
[WhiteElo "2530"]
[BlackElo "2425"]
[PlyCount "25"]
[EventDate "1997.??.??"]
[Source "www.chesslib.no"]
[SourceDate "2004.05.04"]

1. e4 e5 2. Nf3 Nc6 3. Bc4 Nf6 4. d4 exd4 5. O-O Nxe4 6. Re1 d5 7. Bxd5 Qxd5 8. Nc3 Qh5 9. Nxe4 Be6 10. Neg5 O-O-O 11. Nxe6 fxe6 12. Rxe6 Bd6 13. Bg5 1/2-1/2

[Event "Lippstadt"]
[Site "Lippstadt"]
[Date "1997.??.??"]
[Round "9"]
[White "Wehmeier, Stefan"]
[Black "Slobodjan, Roman"]
[Result "0-1"]
[WhiteElo "2395"]
[BlackElo "2550"]
[PlyCount "100"]
[EventDate "1997.07.17"]
[Source "ChessBase"]
[SourceDate "1997.09.26"]

1. e4 e5 2. Nf3 Nc6 3. Bc4 Nf6 4. d4 exd4 5. O-O Nxe4 6. Re1 d5 7. Bxd5 Qxd5 8. Nc3 Qa5 9. Nxe4 Be6 10. Neg5 O-O-O 11. Nxe6 fxe6 12. Rxe6 Bd6 13. Bg5 Rde8 14. Qe1 Qxe1+ 15. Raxe1 Kd7 16. Rxe8 Rxe8 17. Rxe8 Kxe8 18. Bd2 Kf7 19. Kf1 h6 20. Ke2 Ke6 21. Kd3 Kd5 22. h3 Ne5+ 23. Nxe5 Bxe5 24. f4 Bf6 25. a4 c5 26. b3 b6 27. g4 a6 28. g5 hxg5 29. fxg5 Be5 30. g6 Bf6 31. c4+ dxc3 32. Bxc3 Bxc3 33. Kxc3 b5 34. Kd3 Ke5 35. Ke3 Kf5 36. a5 Ke5 37. Kf3 Kf5 38. Ke3 Kxg6 39. Ke4 Kf6 40. Kd5 c4 41. bxc4 b4 42. Kd4 Ke6 43. h4 Kd6 44. h5 Kc6 45. c5 b3 46. Kc3 Kxc5 47. Kxb3 Kb5 48. Kc3 Kxa5 49. Kc4 Kb6 50. Kb4 Kc6 0-1

[Event "JUG-chT2"]
[Site "Becici"]
[Date "1993.??.??"]
[Round "2"]
[White "Simonovic, Aleksandar"]
[Black "Malaniuk, Vladimir P"]
[Result "0-1"]
[WhiteElo "2345"]
[BlackElo "2600"]
[PlyCount "58"]
[EventDate "1993.??.??"]
[Source "www.chesslib.no"]
[SourceDate "2004.05.04"]

1. e4 e5 2. Nf3 Nc6 3. d4 exd4 4. Bc4 Nf6 5. O-O Nxe4 6. Re1 d5 7. Bxd5 Qxd5 8. Nc3 Qa5 9. Nxe4 Be6 10. Bd2 Bb4 11. Nxd4 Nxd4 12. c3 Be7 13. cxd4 Qd5 14. Bb4 Bxb4 15. Qa4+ Qc6 16. Qxb4 O-O-O 17. Nc5 Bd5 18. Rac1 Qg6 19. g3 Qb6 20. Qa4 a6 21. Re7 Qd6 22. Rce1 Rhf8 23. R1e3 Bc6 24. Qa5 Kb8 25. R3e5 b6 26. Nxa6+ Ka7 27. Rxc7+ Qxc7 28. Qa3 Qxe5 29. Nb4+ Kb7 0-1

[Event "Ceske Budejovice Open"]
[Site "Ceske Budejovice CZE"]
[Date "1994.??.??"]
[Round "5"]
[White "Biolek, Richard"]
[Black "Golod, Vitali"]
[Result "0-1"]
[WhiteElo "2425"]
[BlackElo "2510"]
[PlyCount "42"]
[EventDate "1994.??.??"]
[Source "www.chesslib.no"]
[SourceDate "2004.05.04"]

1. e4 e5 2. Nf3 Nc6 3. Bc4 Nf6 4. d4 exd4 5. O-O Nxe4 6. Re1 d5 7. Bxd5 Qxd5 8. Nc3 Qh5 9. Nxe4 Be6 10. Bg5 h6 11. Bh4 Bb4 12. c3 dxc3 13. bxc3 Ba5 14. Rb1 O-O 15. Qa4 Bb6 16. Ng3 Qg6 17. h3 Rae8 18. Rbd1 f6 19. Qf4 Qf7 20. Rxe6 Qxe6 21. Nf5 Qe4 0-1

[Event "Azov"]
[Site "Azov"]
[Date "1993.??.??"]
[Round "?"]
[White "Beshukov, Sergei"]
[Black "Obukhov, Alexander"]
[Result "1-0"]
[WhiteElo "2445"]
[BlackElo "2490"]
[PlyCount "75"]
[EventDate "1993.??.??"]
[Source "ChessBase"]

1. e4 e5 2. Nf3 Nc6 3. d4 exd4 4. Bc4 Nf6 5. O-O Nxe4 6. Re1 d5 7. Bxd5 Qxd5 8. Nc3 Qa5 9. Nxe4 Be6 10. Neg5 O-O-O 11. Nxe6 fxe6 12. Rxe6 Bd6 13. Qe2 Qh5 14. h3 Rde8 15. Bd2 h6 16. Re1 Kd8 17. Nxd4 Qxe2 18. Nxc6+ bxc6 19. R1xe2 Kd7 20. Rxe8 Rxe8 21. Rxe8 Kxe8 22. Bc3 Kf7 23. Bd4 a6 24. Kf1 c5 25. Bc3 c4 26. Bd4 g6 27. Ke2 Ke6 28. Kf3 Kd5 29. Bg7 h5 30. g4 hxg4+ 31. Kxg4 Ke6 32. f4 c6 33. Bh6 Be7 34. Bg5 Bf8 35. Bd8 Bg7 36. Kg5 Kf7 37. c3 Bf8 38. f5 1-0

[Event "Wroclaw-A"]
[Site "Wroclaw POL"]
[Date "1980.??.??"]
[Round "10"]
[White "Tonchev, Miroslav"]
[Black "Spiridonov, Nikola"]
[Result "0-1"]
[WhiteElo "2460"]
[BlackElo "2470"]
[PlyCount "92"]
[EventDate "1980.05.??"]
[Source "www.chesslib.no"]
[SourceDate "2004.05.04"]

1. e4 e5 2. Nf3 Nc6 3. Bc4 Nf6 4. d4 exd4 5. O-O Nxe4 6. Re1 d5 7. Bxd5 Qxd5 8. Nc3 Qa5 9. Nxe4 Be6 10. Bd2 Qb6 11. Bg5 h6 12. Bh4 Be7 13. Bxe7 Kxe7 14. Ng3 Kd7 15. Ne2 Rad8 16. c3 Kc8 17. Nexd4 Nxd4 18. cxd4 Rd6 19. Qc2 Qc6 20. Qd3 Qc4 21. Qe3 Kb8 22. Rec1 Qb5 23. Rc5 Qxb2 24. Rac1 Rc8 25. R5c2 Qb4 26. a3 Qa4 27. Qe5 f6 28. Qg3 Qd7 29. h3 g5 30. a4 Bb3 31. Rc5 Bxa4 32. Nh2 Rxd4 33. Ng4 Rd1+ 34. Kh2 Rxc1 35. Rxc1 Qd6 36. Nxh6 Qxg3+ 37. Kxg3 Bb3 38. Ng4 Rf8 39. f4 a5 40. fxg5 fxg5 41. Rc5 a4 42. Rxg5 a3 43. Ra5 a2 44. Nf2 b6 45. Ra3 Kb7 46. Ne4 Ra8 0-1

[Event "URS-ch otbor"]
[Site "Cheliabinsk"]
[Date "1975.??.??"]
[Round "?"]
[White "Sveshnikov, Evgeny"]
[Black "Makarichev, Sergey"]
[Result "1-0"]
[WhiteElo "2480"]
[BlackElo "2440"]
[PlyCount "131"]
[EventDate "1975.??.??"]
[Source "ChessBase"]

1. e4 e5 2. d4 exd4 3. Nf3 Nc6 4. Bc4 Nf6 5. O-O Nxe4 6. Re1 d5 7. Bxd5 Qxd5 8. Nc3 Qa5 9. Nxe4 Be6 10. Bd2 Bb4 11. Nxd4 Nxd4 12. c3 Ne2+ 13. Qxe2 Be7 14. c4 Qf5 15. Bc3 O-O 16. Ng3 Qg5 17. Nh5 g6 18. Ng3 Rfe8 19. b3 Bd7 20. Ne4 Qf4 21. Qb2 Bc6 22. Bh8 Qh6 23. Nf6+ Bxf6 24. Bxf6 Rxe1+ 25. Rxe1 Re8 26. Rf1 Qf4 27. Bh8 f6 28. Qxf6 Qxf6 29. Bxf6 Re2 30. Ra1 Be4 31. f3 Bc2 32. h4 Kf7 33. Bd4 a6 34. Kh2 Ke6 35. Kh3 Kf5 36. Kg3 h5 37. Bc3 c6 38. Rg1 b5 39. cxb5 cxb5 40. Rc1 Ke6 41. Rg1 Bf5 42. Ra1 Rc2 43. Bb4 Rb2 44. Re1+ Kd5 45. Rd1+ Kc6 46. Rd6+ Kb7 47. a3 Rxb3 48. Kf4 Rd3 49. Rf6 Rd5 50. Kg5 Bh3+ 51. Kxg6 Bxg2 52. Kh6 Bf1 53. f4 Bd3 54. Ba5 Bb1 55. Rb6+ Ka7 56. Rf6 Kb7 57. Bc3 Bc2 58. Be5 Bd1 59. Re6 Bg4 60. Re7+ Kc6 61. Kg6 Rd7 62. Re8 Rd3 63. f5 Kd7 64. f6 Kxe8 65. f7+ Ke7 66. Bf6+ 1-0

[Event "CZE Team Ch 9495"]
[Site "Czech Republic"]
[Date "1995.??.??"]
[Round "8"]
[White "Hausner, Ivan"]
[Black "Biolek, Richard"]
[Result "1/2-1/2"]
[WhiteElo "2450"]
[BlackElo "2455"]
[PlyCount "78"]
[EventDate "1994.??.??"]
[Source "www.chesslib.no"]
[SourceDate "2004.05.04"]

1. e4 e5 2. Bc4 Nf6 3. d4 exd4 4. Nf3 Nc6 5. O-O Nxe4 6. Re1 d5 7. Bxd5 Qxd5 8. Nc3 Qa5 9. Nxe4 Be6 10. Neg5 O-O-O 11. Nxe6 fxe6 12. Rxe6 Bd6 13. Bg5 Rdf8 14. Qe2 Kd7 15. Bh4 Re8 16. Rxe8 Rxe8 17. Qc4 Re6 18. Rd1 Qh5 19. Bg3 Bxg3 20. fxg3 Qg4 21. c3 Kc8 22. Rf1 Re8 23. cxd4 Qd7 24. h3 Rd8 25. Rd1 Qd5 26. Rc1 Rd7 27. Kf2 Nxd4 28. Qxd5 Rxd5 29. Rd1 c5 30. b4 b6 31. Nxd4 cxd4 32. g4 Kd7 33. Kf3 Kd6 34. Rd2 d3 35. Ke4 g5 36. Rxd3 Rxd3 37. Kxd3 Ke5 38. g3 b5 39. Ke3 Kd5 1/2-1/2

[Event "III Memorial E.Geller - Open A"]
[Site "Odessa UCR"]
[Date "2007.09.13"]
[Round "6"]
[White "Shilin, Denis"]
[Black "Malaniuk, Vladimir"]
[Result "1/2-1/2"]
[WhiteElo "2380"]
[BlackElo "2522"]
[PlyCount "26"]
[EventDate "2007.09.08"]
[Source "www.chesslib.no"]
[SourceDate "2004.05.04"]

1. e4 e5 2. Nf3 Nc6 3. d4 exd4 4. Bc4 Nf6 5. O-O Nxe4 6. Re1 d5 7. Bxd5 Qxd5 8. Nc3 Qa5 9. Nxe4 Be6 10. Bd2 Qf5 11. Bg5 h6 12. Bh4 Bc5 13. b4 Bxb4 1/2-1/2

[Event "Gausdal"]
[Site "?"]
[Date "1993.??.??"]
[Round "?"]
[White "Djurhuus, R."]
[Black "Blees, A."]
[Result "1-0"]
[WhiteElo "2485"]
[BlackElo "2405"]
[PlyCount "75"]
[EventDate "1993.??.??"]
[Source "ChessBase"]
[SourceDate "1992.10.01"]

1. e4 e5 2. Nf3 Nc6 3. Bc4 Nf6 4. d4 exd4 5. O-O Nxe4 6. Re1 d5 7. Bxd5 Qxd5 8. Nc3 Qa5 9. Nxe4 Be6 10. Neg5 O-O-O 11. Nxe6 fxe6 12. Rxe6 h6 13. Qe2 Bd6 14. h3 Qf5 15. a3 Kd7 16. Re4 Rde8 17. Rxe8 Rxe8 18. Qd1 Re4 19. b4 g5 20. Bb2 g4 21. hxg4 Rxg4 22. Qd3 Qf6 23. Re1 Qg7 24. g3 Kd8 25. Re4 Ne5 26. Nxe5 Bxe5 27. Bxd4 Bxd4 28. Rxg4 Qxg4 29. c3 Ke7 30. Qxd4 Qxd4 31. cxd4 Ke6 32. f4 Kf5 33. Kg2 Ke4 34. Kh3 a5 35. Kg4 axb4 36. axb4 Kxd4 37. Kh5 b5 38. f5 1-0

[Event "Las Palmas"]
[Site "?"]
[Date "1973.10.31"]
[Round "9"]
[White "Westerinen Heikki MJ"]
[Black "Lengyel Levente"]
[Result "1/2-1/2"]
[WhiteElo "2435"]
[BlackElo "2450"]
[PlyCount "30"]
[EventDate "1973.??.??"]
[Source "www.chesslib.no"]
[SourceDate "2004.05.04"]

1. e4 e5 2. Nf3 Nc6 3. Bc4 Nf6 4. d4 exd4 5. O-O Nxe4 6. Re1 d5 7. Bxd5 Qxd5 8. Nc3 Qa5 9. Nxe4 Be7 10. Bd2 Qd5 11. Bg5 Bd6 12. Bf6 O-O 13. Nxd4 Nxd4 14. Qxd4 Qxd4 15. Bxd4 Rd8 1/2-1/2

[Event "Muenster Open"]
[Site "Muenster GER"]
[Date "1991.??.??"]
[Round "9"]
[White "Zude, Arno"]
[Black "Arkhipov, Sergey"]
[Result "1/2-1/2"]
[WhiteElo "2385"]
[BlackElo "2500"]
[PlyCount "39"]
[EventDate "1991.??.??"]
[Source "www.chesslib.no"]
[SourceDate "2004.05.04"]

1. e4 e5 2. Nf3 Nc6 3. Bc4 Nf6 4. d4 exd4 5. O-O Nxe4 6. Re1 d5 7. Bxd5 Qxd5 8. Nc3 Qf5 9. Nxe4 Be6 10. Nxd4 Nxd4 11. Qxd4 Be7 12. Bh6 Rg8 13. Bd2 Qd5 14. Qxd5 Bxd5 15. Bg5 Be6 16. Bxe7 Kxe7 17. Nc5 b6 18. Nxe6 fxe6 19. Re4 Rad8 20. Rae1 1/2-1/2

[Event "SLO-chT"]
[Site "Celje"]
[Date "2004.11.30"]
[Round "2"]
[White "Basagic, Zlatko"]
[Black "Mikhalchishin, Adrian"]
[Result "0-1"]
[WhiteElo "2372"]
[BlackElo "2512"]
[PlyCount "44"]
[EventDate "2004.11.29"]
[Source "Roberto Alvarez"]
[SourceDate "2004.12.06"]

1. e4 e5 2. Nf3 Nc6 3. d4 exd4 4. Bc4 Nf6 5. O-O Nxe4 6. Re1 d5 7. Nc3 Be6 8. Nxe4 dxc4 9. Neg5 Be7 10. Rxe6 fxe6 11. Nxe6 Qd7 12. Nxg7+ Kf7 13. Nh5 Rag8 14. Qe2 Qe6 15. Qf1 Qh3 16. Nf4 Qxf3 17. Qxc4+ Ke8 18. Bd2 Kd8 19. h3 Bd6 20. Kf1 Rxg2 21. Nxg2 Qxh3 22. Qf7 Rf8 0-1

[Event "Moscow-ch"]
[Site "Moscow"]
[Date "1996.??.??"]
[Round "7"]
[White "Olenin, Nikolay"]
[Black "Kobalija, Mihail"]
[Result "1/2-1/2"]
[WhiteElo "2385"]
[BlackElo "2495"]
[PlyCount "88"]
[EventDate "1996.08.??"]
[Source "www.chesslib.no"]
[SourceDate "2004.05.04"]

1. e4 e5 2. Nf3 Nc6 3. d4 exd4 4. Bc4 Nf6 5. O-O Nxe4 6. Re1 d5 7. Bxd5 Qxd5 8. Nc3 Qa5 9. Nxe4 Be6 10. Neg5 O-O-O 11. Nxe6 fxe6 12. Rxe6 Bd6 13. Bg5 Rde8 14. Qe1 Qxe1+ 15. Rexe1 Bb4 16. Rxe8+ Rxe8 17. a3 Bd6 18. Kf1 h6 19. Bd2 Re4 20. Re1 Rxe1+ 21. Kxe1 Kd7 22. Ke2 Ke6 23. h3 Kd5 24. Kd3 Ne5+ 25. Nxe5 Bxe5 26. a4 c5 27. b3 b6 28. g4 a6 29. h4 b5 30. axb5 axb5 31. h5 Bf6 32. Bc1 Be7 33. f3 Ke5 34. Bd2 Bg5 35. Ba5 Kf4 36. Bb6 Be7 37. Ke2 Ke5 38. Bc7+ Kd5 39. Bf4 Bf6 40. Bd2 Ke5 41. Kd3 Kd5 42. Bf4 c4+ 43. bxc4+ bxc4+ 44. Ke2 Bd8 1/2-1/2

[Event "JUG Cup"]
[Site "Ulcinj"]
[Date "1998.??.??"]
[Round "2"]
[White "Simonovic, Aleksandar"]
[Black "Petronic, Jovan"]
[Result "1/2-1/2"]
[WhiteElo "2430"]
[BlackElo "2450"]
[PlyCount "60"]
[EventDate "1998.??.??"]
[Source "www.chesslib.no"]
[SourceDate "2004.05.04"]

1. e4 e5 2. Nf3 Nc6 3. d4 exd4 4. Bc4 Nf6 5. O-O Nxe4 6. Re1 d5 7. Bxd5 Qxd5 8. Nc3 Qh5 9. Nxe4 Be6 10. Bg5 Bd6 11. c4 h6 12. Nxd6+ cxd6 13. Bf4 O-O 14. Nxd4 Qxd1 15. Rexd1 Bxc4 16. Nf5 Be6 17. Nxd6 Rfd8 18. Nxb7 Rxd1+ 19. Rxd1 Bxa2 20. h4 Re8 21. Rd6 Re1+ 22. Kh2 Re4 23. Bg3 Rc4 24. Nd8 Nxd8 25. Rxd8+ Kh7 26. Rd7 Ra4 27. f3 a6 28. Be1 Be6 29. Ra7 Kg6 30. Kg3 h5 1/2-1/2

[Event "Makarczyk mem"]
[Site "Lodz"]
[Date "1978.??.??"]
[Round "3"]
[White "Inkiov, Ventzislav"]
[Black "Lengyel, Levente"]
[Result "1/2-1/2"]
[WhiteElo "2450"]
[BlackElo "2430"]
[PlyCount "85"]
[EventDate "1978.04.??"]
[Source "ChessBase"]

1. e4 e5 2. Nf3 Nc6 3. d4 exd4 4. Bc4 Nf6 5. O-O Nxe4 6. Re1 d5 7. Bxd5 Qxd5 8. Nc3 Qa5 9. Nxe4 Be6 10. Bd2 Qd5 11. Bg5 Bd6 12. Bf6 O-O 13. Bxd4 Nxd4 14. Nxd4 Bd7 15. Nf3 Qc6 16. Nxd6 Qxd6 17. Nd4 Qb6 18. Re3 Rfe8 19. Rb3 Qa6 20. Qf3 Bc6 21. Qg3 Re5 22. f4 Rd5 23. Qf2 Re8 24. Rd3 Rc5 25. Re1 Re4 26. Nxc6 Qxc6 27. Rxe4 Qxe4 28. Qe3 Qxe3+ 29. Rxe3 Kf8 30. c3 Rd5 31. Re2 h5 32. Kf2 g6 33. Ke1 Rb5 34. b4 Rf5 35. g3 h4 36. Re4 hxg3 37. hxg3 Rh5 38. a4 a6 39. Re2 Rh1+ 40. Kd2 Rg1 41. Re3 f6 42. a5 Kf7 43. Kd3 1/2-1/2

[Event "Rijeka op"]
[Site "?"]
[Date "2001.12.06"]
[Round "6"]
[White "Jurkovic Hrvoje"]
[Black "Yemelin Vasily"]
[Result "0-1"]
[WhiteElo "2389"]
[BlackElo "2490"]
[PlyCount "60"]
[EventDate "2001.??.??"]
[Source "www.chesslib.no"]
[SourceDate "2004.05.04"]

1. e4 e5 2. Nf3 Nc6 3. Bc4 Nf6 4. d4 exd4 5. O-O Nxe4 6. Re1 d5 7. Bxd5 Qxd5 8. Nc3 Qa5 9. Nxe4 Be6 10. Bd2 Bb4 11. Nxd4 Nxd4 12. c3 O-O-O 13. cxb4 Qf5 14. Rc1 Bxa2 15. Rc5 Bd5 16. Bc3 b6 17. Ng3 Qf4 18. Bd2 Qd6 19. Rc3 Bb7 20. Qg4+ Ne6 21. Bg5 h5 22. Qh3 Rd7 23. Nf5 Qxb4 24. Bc1 g6 25. Ne3 Ng5 26. Qg3 Ne4 27. Qf4 a5 28. Nc4 Nxc3 29. bxc3 Qxc3 30. Bd2 Rxd2 0-1

[Event "Corr"]
[Site "?"]
[Date "2000.06.20"]
[Round "?"]
[White "Zavanelli Max E"]
[Black "Idema Dr. Abram A. (NED)"]
[Result "1-0"]
[WhiteElo "2295"]
[BlackElo "2581"]
[PlyCount "115"]
[EventDate "2000.??.??"]
[Source "www.chesslib.no"]
[SourceDate "2004.05.04"]

1. e4 e5 2. Bc4 Nf6 3. d4 exd4 4. Nf3 Nc6 5. O-O Nxe4 6. Re1 d5 7. Bxd5 Qxd5 8. Nc3 Qa5 9. Nxe4 Be6 10. Neg5 O-O-O 11. Nxe6 fxe6 12. Rxe6 Bd6 13. Bg5 Rdf8 14. Qe2 a6 15. a3 Qb5 16. Qxb5 axb5 17. Rae1 Kd7 18. Kf1 Rf5 19. Bh4 Rhf8 20. Bg3 Nd8 21. Bxd6 Nxe6 22. Bxf8 Rxf8 23. Nxd4 Nxd4 24. Rd1 c5 25. c3 Kc6 26. cxd4 c4 27. Re1 Rf4 28. Re6+ Kd7 29. Rb6 Rxd4 30. Ke2 Kc7 31. Rxb5 Kc6 32. Re5 g6 33. g3 Rd3 34. Re3 Rd7 35. f4 b6 36. g4 Rd4 37. Kf3 Rd1 38. f5 Kd5 39. Kf4 Rd4+ 40. Kg5 gxf5 41. gxf5 Rd2 42. f6 Rxb2 43. Rf3 Rg2+ 44. Kh6 c3 45. Rxc3 Rg6+ 46. Kxh7 Rxf6 47. h4 Rf2 48. h5 Rg2 49. h6 b5 50. Rb3 Kc4 51. Rf3 Rg4 52. Kh8 Kc5 53. Rf6 Rg3 54. Ra6 Kd5 55. h7 Rg2 56. Ra5 Kc4 57. Ra8 Rg3 58. a4 1-0

[Event "It (Men) Frascati ITA"]
[Site "?"]
[Date "2006.03.31"]
[Round "7"]
[White "Mogranzini Roberto"]
[Black "Godena Michele"]
[Result "0-1"]
[WhiteElo "2370"]
[BlackElo "2505"]
[PlyCount "88"]
[EventDate "2006.??.??"]
[Source "www.chesslib.no"]
[SourceDate "2004.05.04"]

1. e4 e5 2. Nf3 Nc6 3. d4 exd4 4. Bc4 Nf6 5. O-O Nxe4 6. Re1 d5 7. Bxd5 Qxd5 8. Nc3 Qh5 9. Nxe4 Be6 10. Bg5 Bd6 11. Nxd6+ cxd6 12. Bf4 Qd5 13. c3 Kd7 14. Qa4 Qc4 15. Qxc4 Bxc4 16. b3 Bd5 17. Nxd4 Nxd4 18. cxd4 Rhc8 19. Rac1 Rxc1 20. Rxc1 a5 21. Rc2 a4 22. b4 a3 23. f3 Bb3 24. Re2 Ra4 25. Bc1 Bc4 26. Rc2 Rxb4 27. Bxa3 Ra4 28. Bc1 Bxa2 29. Kf2 b5 30. Bd2 Bc4 31. Rb2 Ra3 32. Be3 Kc6 33. Bd2 Kd5 34. Bb4 Rd3 35. Rb1 g6 36. Rb2 h5 37. h4 Rxd4 38. Rd2 Bd3 39. Bc3 Kc4 40. Bxd4 Kxd4 41. Ra2 b4 42. Ra7 b3 43. Rb7 Kc3 44. Ke3 Bc4 0-1